000
00312nam a2200133Ia 4500
008
240624s9999 xx 000 0 und d
041
_a
eng
082
_a
006.76 RIO
100
_a
RIORDAN REBECCA M
245
_a
MICROSOFT ADO NET
260
_c
2004
_a
New Delhi
_b
Prentice-Hall
300
_a
xii, : 512
365
_c
RS
999
_c
289
_d
289